00360nam a2200109Ia 450000500170000000800410001710000270005824500990008526000420018430000110022665000130023720260326235455.0260326s9999||||xx |||||||||||||| ||und|| aOrozco y Berra, Manuel 0aHistoria de la Ciudad de México :b Desde su Fundación Hasta 1854 /cManuel Orozco y Berra bSecretaría de Educación Pública a188 p. aHISTORIA